Catálogo público

Cuestiones fundamentales del marxismo (Record no. 50832)

MARC details
000 -CABECERA
campo de control de longitud fija 01250nam a22003257a 4500
003 - IDENTIFICADOR DEL NÚMERO DE CONTROL
campo de control CHAP
005 - FECHA Y HORA DE LA ÚLTIMA TRANSACCIÓN
campo de control 20220329140342.0
008 - DATOS DE LONGITUD FIJA--INFORMACIÓN GENERAL
campo de control de longitud fija 971013s1976 r 00010 d
010 ## - NÚMERO DE CONTROL DE LA BIBLIOTECA DEL CONGRESO
Número de control de LC 50832
011 ## - ENLACE DEL NUMERO DE CONTROL DE LA BIBLIOTECA DEL CONGRESO [OBSOLETO]
Número de control de LC 51804
035 ## - NÚMERO DE CONTROL DEL SISTEMA
Número de control de sistema 55954
040 ## - FUENTE DE LA CATALOGACIÓN
Centro/agencia transcriptor CHAP
082 ## - NÚMERO DE LA CLASIFICACIÓN DECIMAL DEWEY
Número de clasificación 335.4
Número de documento/Ítem P54Y
100 00 - ENTRADA PRINCIPAL--NOMBRE DE PERSONA
Nombre de persona Plejanov, Yuri.
9 (RLIN) 89167
245 ## - MENCIÓN DE TÍTULO
Título Cuestiones fundamentales del marxismo
Resto del título : del materialismo de Ferverbach al materialismo de Marx
260 ## - PUBLICACIÓN, DISTRIBUCIÓN, ETC.
Lugar de publicación, distribución, etc. Barcelona :
Nombre del editor, distribuidor, etc. Fontamara,
Fecha de publicación, distribución, etc. 1976
300 ## - DESCRIPCIÓN FÍSICA
Extensión 191 p.
490 ## - MENCIÓN DE SERIE
Mención de serie De la naturaleza de las cosas
Designación de volumen o secuencia ; 17
590 ## - NOTA LOCAL (RLIN)
Nota local BATCH-UPD
Procedencia (VM) [OBSOLETO] 10
Condición del los carretes individuales (VM) [OBSOLETO] 20130110
-- UCH01
-- 0754
590 ## - NOTA LOCAL (RLIN)
Nota local CONVERSION
Procedencia (VM) [OBSOLETO] 10
Condición del los carretes individuales (VM) [OBSOLETO] 20130109
-- UCH01
-- 1328
650 14 - PUNTO DE ACCESO ADICIONAL DE MATERIA--TÉRMINO DE MATERIA
Término de materia o nombre geográfico como elemento de entrada Marxismo.
9 (RLIN) 72728
830 0# - PUNTO DE ACCESO ADICIONAL DE SERIE-TÍTULO UNIFORME
Título uniforme De la naturaleza de las cosas
Designación de volumen o secuencia ; 17
9 (RLIN) 31396
901 ## - ELEMENTOS DE DATOS A LOCAL LDA (RLIN)
a BK
942 ## - ELEMENTOS DE PUNTO DE ACCESO ADICIONAL (KOHA)
Tipo de ítem Koha Libro
949 ## - PROCESAMIENTO DE INFORMACIÓN LOCAL (OCLC)
a 335.4 P54Y
b BC
c LIBRO
d 33724000342325
e LIBRO
f c.5
g I.c/e
h 73985
i 55954
s i
949 ## - PROCESAMIENTO DE INFORMACIÓN LOCAL (OCLC)
a 335.4 P54Y
b BC
c LIBRO
d 33724000342333
e LIBRO
g I.c/e
h 64542
i 55954
s i
t 775.00
949 ## - PROCESAMIENTO DE INFORMACIÓN LOCAL (OCLC)
a 335.4 P54Y
b BC
c LIBRO
d 33724000342341
e LIBRO
f c.3
g I.c/e
h 64544
i 55954
s i
t 775.00
949 ## - PROCESAMIENTO DE INFORMACIÓN LOCAL (OCLC)
a 335.4 P54Y
b BC
c LIBRO
d 33724000342358
e LIBRO
f c.2
g I.c/e
h 64543
i 55954
s i
t 775.00
949 ## - PROCESAMIENTO DE INFORMACIÓN LOCAL (OCLC)
a 335.4 P54Y
b BC
c LIBRO
d 33724000342366
e LIBRO
f c.4
g I.c/e
h 73984
i 55954
s i
Holdings
Estado de retiro Estado de pérdida Fuente del sistema de clasificación o colocación Estado dañado Restricciones de uso No para préstamo Código de colección Localización permanente Ubicación/localización actual Ubicación en estantería Fecha de adquisición Fuente de adquisición Información codificada de la localización en otra ubicación Total de préstamos Signatura topográfica completa Código de barras Fecha visto por última vez Número de copia Precio válido a partir de Tipo de ítem Koha
    Dewey Decimal Classification   Préstamo 15 días   General Biblioteca Central Biblioteca Central Planta alta - Colección General 31/12/2019 I.c/e LIBRO   335.4 P54Y 33724000342325 31/12/2019 c.5 31/12/2019 Libro
    Dewey Decimal Classification   Préstamo 15 días   General Biblioteca Central Biblioteca Central Planta alta - Colección General 31/12/2019 I.c/e LIBRO   335.4 P54Y 33724000342333 31/12/2019   31/12/2019 Libro
    Dewey Decimal Classification   Préstamo 15 días   General Biblioteca Central Biblioteca Central Planta alta - Colección General 31/12/2019 I.c/e LIBRO   335.4 P54Y 33724000342341 31/12/2019 c.3 31/12/2019 Libro
    Dewey Decimal Classification   Préstamo 15 días   General Biblioteca Central Biblioteca Central Planta alta - Colección General 31/12/2019 I.c/e LIBRO   335.4 P54Y 33724000342358 31/12/2019 c.2 31/12/2019 Libro
    Dewey Decimal Classification   Préstamo 15 días   General Biblioteca Central Biblioteca Central Planta alta - Colección General 31/12/2019 I.c/e LIBRO   335.4 P54Y 33724000342366 31/12/2019 c.4 31/12/2019 Libro